[Event "POL-chT2"]
[Site "Wisla"]
[Date "1998.??.??"]
[Round "?"]
[White "Kosiorek, Marek"]
[Black "Olszynski, Kazimierz"]
[Result "1-0"]
[WhiteElo "2360"]
[BlackElo "2240"]

1.e4 c5 2.Nf3 d6 3.Bb5+ Nd7 4.c3 a6 5.Ba4 b5 6.Bc2 Bb7 7.d4 cxd4 8.cxd4 e6
9.O-O Ngf6 10.Qe2 Qc7 11.a3 Be7 12.Nc3 Rc8 13.Bg5 Nb6 14.Rac1 h6 15.Bh4 g5
16.Bg3 Nh5 17.Bd3 Qb8 18.a4 b4 19.Na2 Rxc1 20.Rxc1 a5 21.Bb5+ Kf8 22.Nd2 Nxg3
23.hxg3 Bf6 24.Nb3 Qa8 25.f3 Kg7 26.Rc7 Bd8 27.Rc2 Bf6 28.Nac1 Rc8 29.Nd3 Bc6
30.e5 dxe5 31.dxe5 Bd8 32.Bxc6 Rxc6 33.Rxc6 Qxc6 34.Nxa5 Qxa4 35.Nb7 Be7
36.Nd6 Nd5 37.f4 Qa6 38.Ne4 Qa7+ 39.Kh2 Qe3 40.Qxe3 Nxe3 41.b3 Nd5 42.Kg1 Bd8
43.Kf2 Kg6 44.Kf3 Bb6 45.Nec5 h5 46.Na6 g4+ 47.Ke2 Nc3+ 48.Ke1 Ne4 49.Naxb4 Nxg3
50.Nc6 h4 51.Ne7+ Kh5 52.Nf2 Nf5 53.Nxf5 exf5 54.Kf1 Be3 55.g3 h3 56.b4 Kg6
57.b5 f6 58.e6 Kg7 59.Nd3 Kf8 60.Nb4 Ke8 61.Nd5 Bd4 62.b6 Bxb6 63.Nxb6  1-0

[Event "POL-chT2"]
[Site "Wisla"]
[Date "1998.??.??"]
[Round "?"]
[White "Zeberski, Jakub"]
[Black "Mietus, Klaudiusz"]
[Result "1-0"]
[WhiteElo "2165"]
[BlackElo "2195"]

1.e4 c5 2.Nf3 d6 3.Bb5+ Bd7 4.Bxd7+ Qxd7 5.O-O Nc6 6.d4 cxd4 7.Nxd4 Nf6 8.Re1 g6
9.Nc3 Bg7 10.Nf3 O-O 11.Nd5 Nxd5 12.exd5 Ne5 13.Nxe5 Bxe5 14.Qd3 Bf6 15.a4 Rfc8
16.Ra2 Qc7 17.c3 Qc4 18.Qxc4 Rxc4 19.Be3 e5 20.f3 Bd8 21.Rc1 Bb6 22.Kf2 Rac8
23.Rd1 Bxe3+ 24.Kxe3 f5 25.Rd3 Kf7 26.Kd2 e4 27.b3 R4c5 28.fxe4 fxe4 29.Rd4 Rxc3
30.Rxe4 Rxb3 31.Re6 Rb6 32.Kd3 Rc7 33.Rf2+ Kg7 34.Rfe2 Rf7 35.a5 Ra6 36.Ra2 Rd7
37.Kc4 Rc7+ 38.Kd4 Rd7 39.Kc4 h5 40.h4 Rf7 41.g3 Rf6 42.Rxf6 Kxf6 43.Rf2+ Ke5
44.Re2+ Kf5 45.Kb5 Kf6 46.Re8  1-0

[Event "POL-chT2"]
[Site "Wisla"]
[Date "1998.??.??"]
[Round "?"]
[White "Jakubowski, Tomasz"]
[Black "Jakubiec, Artur"]
[Result "1/2-1/2"]
[WhiteElo "2220"]
[BlackElo "2430"]

1.e4 c5 2.Nf3 d6 3.Bb5+ Nd7 4.d4 cxd4 5.Qxd4 e5 6.Qd3 Be7 7.Nc3 Nf6 8.Bg5 O-O
9.Bxd7 Qxd7 10.O-O Ne8 11.Nxe5 Qd8 12.Bxe7 Qxe7 13.Nc4 Be6 14.Rad1 Rd8 15.Rfe1 Qc7
16.Nd5 Bxd5 17.Qxd5 Nf6 18.Qb5 a6 19.Qb3 Nxe4 20.Rd4 Rfe8 21.Rdxe4 Rxe4 22.Rxe4 d5
23.Rd4 dxc4 24.Qxc4 Re8 25.g3 Qe7 26.Qd3 g6 27.Rd7 Qf6 28.Qd4 Re1+ 29.Kg2 Qc6+
30.Qd5 Rc1 31.Qxc6 bxc6 32.Ra7 Rxc2 33.Rxa6 Rxb2 34.Rxc6  1/2-1/2

[Event "S&W Masters 8th op"]
[Site "Witley"]
[Date "1998.??.??"]
[Round "4"]
[White "Bates, Richard"]
[Black "Williams, Simon"]
[Result "1/2-1/2"]
[WhiteElo "2430"]
[BlackElo "2315"]

1.e4 c5 2.Nf3 d6 3.Bb5+ Bd7 4.Bxd7+ Qxd7 5.c4 Qg4 6.O-O Qxe4 7.d4 cxd4 8.Nxd4 Nf6
9.Nc3 Qg4 10.Qa4+ Qd7 11.Ndb5 Nc6 12.Re1 e5 13.Nd5 Rc8 14.Bg5 Nxd5 15.cxd5 f6
16.dxc6 bxc6 17.Nxa7 Ra8 18.Be3 d5 19.Bb6 Rb8 20.Rac1 Rxb6 21.Rxc6 Bb4  1/2-1/2

[Event "S&W Masters 8th op"]
[Site "Witley"]
[Date "1998.??.??"]
[Round "8"]
[White "Ansell, Simon"]
[Black "Kelly, Bryan"]
[Result "1/2-1/2"]
[WhiteElo "2380"]
[BlackElo "2390"]

1.e4 c5 2.Nf3 d6 3.Bb5+ Bd7 4.Bxd7+ Qxd7 5.c4 Nc6 6.O-O g6 7.d4 cxd4 8.Nxd4 Bg7
9.Be3 Nf6 10.f3 O-O 11.Nc3 Rfc8 12.Nde2 b6 13.b3 Qb7 14.Qd2 a6 15.a4 Nd7
16.Rab1 Nc5 17.Rfd1 Ne5 18.Qe1 Ned7 19.Qh4 Nf6 20.Nd4 e6 21.Nde2 Qc7 22.Bg5  1/2-1/2

[Event "EUCup final (Women)"]
[Site "Wuppertal"]
[Date "1998.??.??"]
[Round "3"]
[White "Jovanovic, Sanja"]
[Black "Paraminski, Albina"]
[Result "1/2-1/2"]
[WhiteElo "2180"]
[BlackElo "2175"]

1.e4 c5 2.Nf3 d6 3.Bb5+ Bd7 4.Bxd7+ Nxd7 5.O-O Ngf6 6.Qe2 e6 7.b3 Be7 8.Bb2 O-O
9.c4 e5 10.Nc3 g6 11.Ne1 Nh5 12.Nd3 Bg5 13.Nd5 Ndf6 14.f4 Nxd5 15.fxg5 Nc7
16.Qg4 Ne6 17.h4 Qe7 18.Rf2 f6 19.gxf6 Nxf6 20.Qe2 Nh5 21.Qg4 Rxf2 22.Nxf2 Rf8
23.g3 Qf7 24.Rf1 Nf6 25.Qh3 Nh5 26.Nh1 Qe7 27.Rxf8+ Kxf8 28.d3 Kg7 29.Qf1 Nf8
30.Bc1 Ne6 31.Be3 Qc7 32.Qf3 Qa5 33.Nf2 Qe1+ 34.Kg2 Kg8 35.Bh6 Neg7 36.Ng4 Ne6
37.Nf6+ Nxf6 38.Qxf6 Qe2+ 39.Kh3 Nf4+ 40.Bxf4 exf4 41.Qxf4 Qxd3 42.h5 gxh5
43.Qg5+ Kf8 44.Qf5+ Kg7 45.Qg5+ Kf8 46.Qf5+ Kg8 47.Qg5+ Kh8 48.Qd8+ Kg7 49.Qe7+ Kg6
50.Qe6+ Kg7 51.Qe7+ Kg8 52.Qxb7 Qf3 53.Qc8+ Kg7 54.Qd7+ Kg8 55.Qe6+ Kg7 56.Qe7+ Kg8
57.Qg5+ Kh8 58.Qd8+ Kg7 59.Qe7+ Kg8 60.Qe6+ Kg7 61.Kh4 h6 62.Qd7+ Kg8 63.Qe6+ Kg7
64.Qd7+ Kg8 65.Qc8+ Kg7 66.Qd7+ Kg8 67.Qe6+ Kg7 68.Qd7+ Kg8 69.Qc8+ Kg7 70.Qd7+ Kg8
71.Qe6+ Kg7 72.Qd7+ Kg8 73.Qc8+ Kg7 74.Qd7+  1/2-1/2

[Event "EUCup final (Women)"]
[Site "Wuppertal"]
[Date "1998.??.??"]
[Round "3"]
[White "Borulia, Ekaterina"]
[Black "Petraki, Maria"]
[Result "1-0"]
[WhiteElo "2375"]
[BlackElo "2120"]

1.e4 c5 2.Nf3 d6 3.Bb5+ Nd7 4.d4 Nf6 5.Nc3 cxd4 6.Qxd4 e5 7.Qd3 h6 8.O-O Be7
9.Be3 a6 10.Bc4 b6 11.Nh4 g6 12.f4 Bb7 13.Nf3 b5 14.Bb3 Nc5 15.Bxc5 dxc5
16.fxe5 c4 17.Qxd8+ Rxd8 18.exf6 Bxf6 19.e5 Bg7 20.Bxc4 bxc4 21.Rae1 O-O
22.Ne4 Rb8 23.b3 cxb3 24.cxb3 a5 25.Nc5 Bxf3 26.Rxf3 Rb5 27.Nd7 Re8 28.Ref1 Re7
29.Nf6+ Kf8 30.Rd3 Bxf6 31.exf6 Re8 32.Rfd1 Rf5 33.Rd5 Rxf6 34.Rxa5 Re2 35.Rf1 Rd6
36.Ra8+ Ke7 37.Ra7+ Ke6 38.Raxf7 Rdd2 39.R7f6+ Ke5 40.Rxg6 Rxa2 41.Rb1 h5
42.b4 Rab2 43.Rxb2 Rxb2 44.Rg5+ Kf4 45.Rxh5 Rb1+ 46.Kf2 Rb2+ 47.Kf1 Rb1+
48.Ke2 Kg4 49.Rb5 Rb2+ 50.Kd3 Rxg2 51.Re5 Rxh2 52.b5 Kf4 53.Re8 Kf5 54.Kc4 Kf6
55.Kc5  1-0

[Event "Zadar op"]
[Site "Zadar"]
[Date "1998.??.??"]
[Round "6"]
[White "Cosic, Radoslav"]
[Black "Bilobrk, Franjo"]
[Result "1/2-1/2"]
[WhiteElo "2145"]
[BlackElo "2365"]

1.e4 c5 2.Nf3 d6 3.Bb5+ Bd7 4.Bxd7+ Qxd7 5.O-O Nc6 6.Re1 Nf6 7.c4 g6 8.b3 Bg7
9.Bb2 O-O 10.d4 cxd4 11.Nxd4 Nh5 12.Qd2 Nf4 13.Qxf4 e5 14.Qg3 exd4 15.Nd2 f5
16.Qh3 Rad8 17.Rad1 Be5 18.a3 Qg7 19.Qd3 Rf7 20.g3 f4 21.Nf3 fxg3 22.fxg3 Rdf8
23.Rf1 Qh6 24.Kg2 Bg7 25.Bc1 Qh5 26.b4 a6 27.b5 Ne5 28.Nxe5 Qxe5 29.Rxf7 Rxf7
30.Rf1 Re7 31.Re1 Rf7 32.Bf4 Qe6 33.Re2 h6 34.Bc1 Qf6 35.Rd2 h5 36.Bb2 h4
37.Bxd4 Qg5 38.Bxg7 Kxg7 39.Qxd6 hxg3 40.Re2 Qc1 41.Qd4+ Kh7 42.Qd3 Qf1+
43.Kxg3 Qf4+ 44.Kg2 Qf1+  1/2-1/2

[Event "Zadar op"]
[Site "Zadar"]
[Date "1998.??.??"]
[Round "8"]
[White "Brumen, Dinko"]
[Black "Bistric, Faruk"]
[Result "1/2-1/2"]
[WhiteElo "2385"]
[BlackElo "2430"]

1.e4 c5 2.Nf3 d6 3.Bb5+ Nd7 4.d4 cxd4 5.Qxd4 e5 6.Qd3 Be7 7.Nc3 Nf6 8.Bg5 O-O
9.Bxd7 Qxd7 10.O-O-O Rd8 11.Bxf6 Bxf6 12.Nd5 Qa4 13.g4 Be6 14.g5 Bxd5 15.Qxd5 Rac8
16.c3 Be7 17.Rhe1 Rc5 18.Qb3 Qa6 19.h4 Rdc8 20.Rd5 g6 21.Nh2 Rxd5 22.Qxd5 Qc6
23.Qb3 b6 24.Ng4 Qc4 25.f3 Kg7 26.Qxc4 Rxc4 27.Rd1 Rc6 28.Kc2 f6 29.gxf6+ Bxf6
30.Nxf6 Kxf6 31.Rg1 Rc7 32.Kd3 Rf7 33.Ke3 h6 34.Rd1 Ke6 35.Rg1 Rg7 36.a4 Kf6
37.Rd1 Ke6 38.Rg1 Kf6 39.Rd1 Ke6 40.Rg1  1/2-1/2

[Event "Ardid mem 10th op"]
[Site "Zaragoza"]
[Date "1998.??.??"]
[Round "6"]
[White "Degraeve, Jean Marc"]
[Black "Kolev, Atanas"]
[Result "1-0"]
[WhiteElo "2525"]
[BlackElo "2540"]

1.e4 c5 2.Nf3 d6 3.Bb5+ Bd7 4.Bxd7+ Qxd7 5.O-O Nc6 6.b3 Nf6 7.Re1 g6 8.c3 Bg7
9.d4 d5 10.e5 Ne4 11.Bb2 cxd4 12.cxd4 O-O 13.Nbd2 Nxd2 14.Qxd2 e6 15.h4 f6
16.exf6 Rxf6 17.Re2 Rxf3 18.gxf3 Rf8 19.Qe3 Rf6 20.Ba3 h5 21.Rd1 Kh7 22.Bc1 Ne7
23.Qc3 Nf5 24.Bg5 Rf7 25.Rc2 Qb5 26.a4 Qb6 27.a5 Qb5 28.Kg2 Bh6 29.f4 Bg7
30.b4 Qa4 31.Rcc1 Nd6 32.Qe3 Ne4 33.f3 Nxg5 34.fxg5 Qxb4 35.Qxe6 Re7 36.Qxd5 Re2+
37.Kg3 Qf8 38.Rc7 Re3 39.Qf7 Qh8 40.Rxb7  1-0

[Event "Basel Hilton op"]
[Site "Basel"]
[Date "1999.01.02"]
[Round "3"]
[White "Oral, Tomas"]
[Black "Barbero, Gerardo F"]
[Result "1-0"]
[WhiteElo "2510"]
[BlackElo "2415"]

1.e4 c5 2.Nf3 d6 3.Bb5+ Bd7 4.Bxd7+ Qxd7 5.c4 Nc6 6.Nc3 Ne5 7.Nxe5 dxe5 8.Qh5 Qd4
9.Qe2 e6 10.d3 Qd7 11.f4 Ne7 12.fxe5 Ng6 13.Be3 Nxe5 14.O-O-O Nc6 15.Qf2 b6
16.Rhf1 Rd8 17.d4 cxd4 18.Bxd4 Qb7 19.Nb5 a6 20.Bxb6 Rxd1+ 21.Rxd1 axb5 22.cxb5 Ne5
23.Rd8+ Ke7 24.Qd4 f6 25.Qd6+ Kf7 26.Qc7+ Qxc7+ 27.Bxc7 Ke7 28.b6  1-0

[Event "Bad Zwesten op"]
[Site "Bad Zwesten"]
[Date "1999.01.04"]
[Round "5"]
[White "Baklan, Vladimir"]
[Black "Kersten, Uwe"]
[Result "1-0"]
[WhiteElo "2552"]
[BlackElo "2383"]

1.e4 c5 2.Nf3 d6 3.Bb5+ Bd7 4.Bxd7+ Qxd7 5.c4 Nc6 6.Nc3 Nf6 7.d4 cxd4 8.Nxd4 e6
9.O-O Be7 10.Be3 O-O 11.f3 b6 12.Rc1 Rac8 13.b3 Qb7 14.Nxc6 Rxc6 15.f4 Rcc8
16.Qf3 Nd7 17.Rcd1 Rcd8 18.Bd4 Bf6 19.Bxf6 Nxf6 20.g4 h6 21.h4 h5 22.gxh5 a6
23.f5 b5 24.h6 gxh6 25.e5 Qb6+ 26.Qf2 Qxf2+ 27.Rxf2 dxe5 28.Rxd8 Rxd8 29.fxe6 b4
30.exf7+ Kf8 31.Na4 Kxf7 32.Nc5 Kg6 33.Nxa6 Ng4 34.Re2 Kf5 35.Nxb4 Kf4 36.Kg2 Ne3+
37.Kf2 Ng4+ 38.Ke1 Kf3 39.Nc6 Re8 40.a4 e4 41.Nd4+ Kf4 42.c5 e3 43.c6 Ke4
44.Nb5 Kd3 45.Nd6 Rg8 46.Nc4 Rc8 47.h5 Kd4 48.Rg2 Nf6 49.Rg6 Rxc6 50.Rxh6 Re6
51.Rg6 Ke4 52.Ke2 Kd4 53.h6 Kd5 54.a5  1-0

[Event "Hastings Premier 9899"]
[Site "Hastings"]
[Date "1999.01.04"]
[Round "6"]
[White "Plaskett, Jim"]
[Black "Sadler, Matthew"]
[Result "1-0"]
[WhiteElo "2455"]
[BlackElo "2660"]

1.e4 c5 2.Nf3 d6 3.Bb5+ Bd7 4.Bxd7+ Nxd7 5.O-O e6 6.Qe2 Ngf6 7.b3 Be7 8.Bb2 O-O
9.c4 a6 10.d4 cxd4 11.Nxd4 Qb6 12.Kh1 Qc5 13.Nd2 Qh5 14.f3 Rfe8 15.g4 Qg5
16.Rg1 Ne5 17.Raf1 Ng6 18.Qf2 Nf4 19.Qe3 Nd7 20.Nf5 e5 21.Rd1 Bf8 22.Nb1 b5
23.Nxd6 Bxd6 24.Rxd6 Nf8 25.c5 N8e6 26.Nc3 Nh3 27.Qxg5 Nhxg5 28.c6 Nxf3 29.Rf1 Nfd4
30.Nd5 Rac8 31.Bxd4 exd4 32.Rd7 Rxc6 33.Ne7+ Rxe7 34.Rxe7 h5 35.gxh5 Rd6
36.Rfxf7 d3 37.Rd7  1-0

[Event "Rilton Cup 9899"]
[Site "Stockholm"]
[Date "1999.01.04"]
[Round "7"]
[White "Kiik, Kalle"]
[Black "Livner, Anders"]
[Result "1-0"]
[WhiteElo "2430"]
[BlackElo "2230"]

1.e4 c5 2.Nf3 d6 3.Bb5+ Bd7 4.Bxd7+ Qxd7 5.c4 Nc6 6.Nc3 Nf6 7.d4 cxd4 8.Nxd4 Qg4
9.Qxg4 Nxg4 10.Nc2 g6 11.b3 Bg7 12.Bb2 Rc8 13.f3 Nge5 14.O-O-O O-O 15.Kb1 a6
16.h3 Nd7 17.Rhe1 Rfe8 18.Nd5 Bxb2 19.Kxb2 Kf8 20.Re2 Red8 21.Red2 Nc5 22.Nb6 Rb8
23.Ne3 Ne5 24.b4 Ne6 25.Kb3 Ke8 26.Ned5 Nd7 27.Nxd7 Kxd7 28.f4 Nc7 29.Nc3 Ke8
30.f5 f6 31.a4 Kf7 32.g4 Rg8 33.c5 Ne8 34.Nd5 Rd8 35.Nf4 Rc8 36.Rc2 a5 37.Rdc1 axb4
38.c6 bxc6 39.Rxc6 Rb8 40.Rc8 Ng7 41.Rxg8 Kxg8 42.Rc7 Kf8 43.Nd5 gxf5 44.gxf5 Nh5
45.Rxe7 Nf4 46.Rxh7  1-0

[Event "Bad Zwesten op"]
[Site "Bad Zwesten"]
[Date "1999.01.06"]
[Round "8"]
[White "Pfretzschner, Roland"]
[Black "Gutman, Lev"]
[Result "0-1"]
[WhiteElo "2285"]
[BlackElo "2470"]

1.e4 c5 2.Nf3 d6 3.Bb5+ Nc6 4.d4 cxd4 5.Qxd4 Bd7 6.Bxc6 Bxc6 7.Nc3 Qa5 8.Bg5 b5
9.O-O f6 10.Be3 e5 11.Qd3 b4 12.Nd5 Ne7 13.Rfd1 Nxd5 14.exd5 Bd7 15.a3 Rc8
16.axb4 Qxb4 17.b3 a5 18.Bd2 Qc5 19.Rdc1 a4 20.bxa4 Be7 21.c4 O-O 22.Be3 Qb4
23.Rcb1 Qa5 24.Rb7 Qd8 25.a5 Bg4 26.Ne1 f5 27.a6 Bf6 28.Qb3 e4 29.Bb6 Qe8
30.Ra2 Qh5 31.h3 Be2 32.Bc7 f4 33.f3 Bd4+ 34.Kh2 Bf1 35.fxe4 Qh4 36.Nc2 Qg3+
37.Qxg3 fxg3+ 38.Kxg3 Be5+ 39.Kh4 Bxc4 40.a7 Bf6+ 41.Kg3 Be5+ 42.Kh4 Bxa2
43.Rb8 Rxb8 44.Bxb8 Bxd5 45.exd5 Rf4+ 46.Kg3 Ra4+ 47.Kf3 Kf7 48.Nb4 Bd4 49.Bxd6 Bxa7
50.Nc6 Bb6 51.g3 Ra1 52.Ne5+ Ke8 53.Ke4 g6 54.Ng4 Re1+ 55.Kf4 Bd8 56.Ne5 Bf6
57.h4 Bd8 58.Bc5 Bf6 59.Bb4 Rb1 60.Bd6  0-1

[Event "Excelsior Cup"]
[Site "Goteborg"]
[Date "1999.01.07"]
[Round "1"]
[White "Brynell, Stellan"]
[Black "Astrom, Robert"]
[Result "1/2-1/2"]
[WhiteElo "2489"]
[BlackElo "2462"]

1.e4 c5 2.Nf3 d6 3.Bb5+ Nc6 4.O-O Bd7 5.Re1 Nf6 6.c3 a6 7.Bf1 e5 8.d4 Be7
9.dxc5 dxc5 10.a4 O-O 11.Na3 Qc7 12.Qc2 Rad8 13.Nc4 Rfe8 14.Bg5 Be6 15.Rad1 Rxd1
16.Rxd1 Rd8 17.Rxd8+ Bxd8 18.Be3 h6  1/2-1/2

[Event "BL2-O9899"]
[Site "Germany"]
[Date "1999.01.10"]
[Round "4.5"]
[White "Buchal, Stephan"]
[Black "Kyas, Juergen"]
[Result "1/2-1/2"]
[WhiteElo "2355"]
[BlackElo "2260"]

1.e4 c5 2.Nf3 d6 3.Bb5+ Bd7 4.Bxd7+ Qxd7 5.c4 Nc6 6.d4 cxd4 7.Nxd4 Nf6 8.Nc3 e6
9.O-O Be7 10.b3 O-O 11.Bb2 Rac8 12.Rc1 Rfd8 13.Qd3 b6 14.Kh1 a6 15.f4 Nxd4
16.Qxd4 b5 17.cxb5 axb5 18.f5 Qb7  1/2-1/2

[Event "BL2-N9899"]
[Site "Germany"]
[Date "1999.01.10"]
[Round "4.4"]
[White "Becker, Walter"]
[Black "Schirm, Friedmar"]
[Result "0-1"]
[WhiteElo "2305"]
[BlackElo "2330"]

1.e4 c5 2.Nf3 d6 3.Bb5+ Bd7 4.Bxd7+ Qxd7 5.O-O Nc6 6.c3 Nf6 7.d4 Nxe4 8.d5 Ne5
9.Nxe5 dxe5 10.Re1 Nd6 11.Rxe5 g6 12.Re1 Bg7 13.Bg5 Nf5 14.g4 h6 15.Bf4 Nd6
16.Nd2 O-O 17.Be5 Rad8 18.Bxg7 Kxg7 19.h3 Rfe8 20.Nf3 e6 21.dxe6 Rxe6 22.Qd5 Ne4
23.Qxd7 Rxd7 24.Rad1 Nd2 25.Kg2 Red6 26.Ne5 Rd8 27.Re2 g5 28.Rde1 b5 29.Re3 Re6
30.Nf3 Nxf3 31.Kxf3 Rxe3+ 32.Rxe3 Rd2 33.Re2 Rxe2 34.Kxe2 Kf6 35.Ke3 Ke5
36.Kf3 a5 37.a3 Kd5 38.Ke3 Kc4 39.Kd2 Kb3 40.Kc1 Ka2 41.Kc2 b4 42.axb4 axb4
43.c4 Ka1  0-1

[Event "BL2-S9899"]
[Site "Germany"]
[Date "1999.01.10"]
[Round "4.3"]
[White "Mueller, Ralf"]
[Black "Werner, Marc"]
[Result "1-0"]
[WhiteElo "2375"]
[BlackElo "2355"]

1.e4 c5 2.Nf3 d6 3.Bb5+ Bd7 4.a4 Nc6 5.O-O g6 6.c3 Bg7 7.d4 Nf6 8.dxc5 Nxe4
9.Re1 Nxc5 10.Qxd6 Ne6 11.Qg3 Qc7 12.Nbd2 Qxg3 13.hxg3 Nc5 14.Ne4 Nxe4 15.Rxe4 a6
16.Bc4 O-O 17.Bg5 e5 18.g4 Rae8 19.Be3 Bf6 20.Rd1 Bc8 21.Bc5 Rd8 22.Rxd8 Rxd8
23.g5 Bg7 24.g4 Rd1+ 25.Kg2 Bd7 26.b4 Rc1 27.Re3 Bxg4 28.b5 axb5 29.axb5 Na5
30.Nxe5 Be6 31.Bxe6 fxe6 32.Bb4 Nb3 33.Nd7 Kf7 34.Rf3+ Kg8 35.Nf6+ Kh8 36.Rh3 h5
37.Rd3 Bxf6 38.gxf6  1-0

[Event "Excelsior Cup"]
[Site "Goteborg"]
[Date "1999.01.10"]
[Round "4"]
[White "Brynell, Stellan"]
[Black "Ulibin, Mikhail"]
[Result "1/2-1/2"]
[WhiteElo "2489"]
[BlackElo "2552"]

1.e4 c5 2.Nf3 d6 3.Bb5+ Bd7 4.Bxd7+ Qxd7 5.c4 Nf6 6.Nc3 Nc6 7.d4 cxd4 8.Nxd4 g6
9.O-O Bg7 10.Nde2 O-O 11.f3 Rac8 12.b3 a6 13.a4 e6 14.Bg5 h6 15.Bh4 g5 16.Bf2 d5
17.cxd5 exd5 18.Rc1 dxe4 19.Qxd7 Nxd7 20.Nxe4 Nde5 21.Nd6 Nd3 22.Rc4 Rc7
23.Bb6 Rd7 24.Nf5 Re8 25.Neg3 Re5 26.Rd1 Kh7 27.Re4 Kg6 28.Nxg7 Kxg7 29.Kf1 Kg6
30.Rxe5 Ncxe5 31.Ne4 f5 32.Nf2 Kf6 33.Nxd3 Rxd3 34.Ke2 Rxb3 35.Rd6+ Kf7 36.Rxh6 Rb2+
37.Kf1 Rb1+ 38.Ke2 Rb2+ 39.Kf1 Rb1+ 40.Ke2 f4 41.Bd4 Nc6 42.Bf6 Nb4 43.Bxg5 Rb2+
44.Kd1 Nd5 45.g3 Nc3+ 46.Ke1 fxg3 47.hxg3 Nxa4 48.f4 Nc5 49.f5 Nd3+ 50.Kd1 Nf2+
51.Ke1 Nd3+ 52.Kd1 Nf2+  1/2-1/2

[Event "Keres mem (Women)"]
[Site "Tallinn"]
[Date "1999.01.10"]
[Round "7"]
[White "Voronova, Tatiana"]
[Black "Kovalevskaya, Ekaterina"]
[Result "0-1"]
[WhiteElo "2276"]
[BlackElo "2499"]

1.e4 c5 2.Nf3 d6 3.Bb5+ Bd7 4.Bxd7+ Qxd7 5.O-O Nc6 6.c3 Nf6 7.Qe2 e5 8.Na3 Be7
9.Nc2 O-O 10.d4 cxd4 11.cxd4 Rac8 12.Bd2 Bd8 13.dxe5 dxe5 14.Bc3 Bc7 15.h3 Nh5
16.Rfd1 Nf4 17.Rxd7 Nxe2+ 18.Kf1 Nxc3 19.bxc3 Rfd8 20.Rad1 Bb6 21.Rxd8+ Rxd8
22.Rxd8+ Bxd8 23.Ke2 f6 24.Ne3 Kf7 25.Kd3 Ke6 26.g4 Bb6 27.Nd2 Bxe3 28.Kxe3 Kd6
29.Nb3 Nd8 30.Nc1 Kc5 31.Kd2 Ne6 32.Nd3+ Kc4 33.Nb2+ Kb5 34.h4 g6 35.f3 Nf4
36.a4+ Kc5 37.Nd3+ Nxd3 38.Kxd3 h6 39.h5 gxh5 40.gxh5 a5 41.Kd2 b5 42.axb5 Kxb5
43.Kc2 Kc4 44.Kb2 a4 45.Ka3 Kxc3 46.Kxa4 Kd4 47.Kb5 Ke3 48.Kc5 Kxf3 49.Kd5 Kf4
50.Ke6 Kxe4 51.Kxf6 Kf4  0-1

[Event "Tapolca op"]
[Site "Budapest"]
[Date "1999.01.11"]
[Round "4"]
[White "Chernyshov, Konstantin"]
[Black "Kahn, Evarth"]
[Result "1-0"]
[WhiteElo "2485"]
[BlackElo "2325"]

1.e4 c5 2.Nf3 d6 3.Bb5+ Bd7 4.Bxd7+ Nxd7 5.O-O Ngf6 6.Qe2 g6 7.c3 Bg7 8.d4 O-O
9.e5 dxe5 10.dxe5 Ng4 11.Bf4 Qc7 12.Re1 e6 13.Nbd2 Nh6 14.Ne4 Nf5 15.Rad1 Nxe5
16.Nxe5 Bxe5 17.Nf6+  1-0

[Event "Troll Masters"]
[Site "Gausdal"]
[Date "1999.01.12"]
[Round "5"]
[White "Hansen, Sune Berg"]
[Black "De Firmian, Nick E"]
[Result "1/2-1/2"]
[WhiteElo "2520"]
[BlackElo "2605"]

1.e4 c5 2.Nf3 d6 3.Bb5+ Bd7 4.Bxd7+ Qxd7 5.c4 Nc6 6.d4 cxd4 7.Nxd4 g6 8.Be3 Nf6
9.f3 Bg7 10.O-O Rc8 11.b3 b5 12.Qd2 a6 13.cxb5 axb5 14.Nc3 Nxd4 15.Bxd4 O-O
16.Rfc1 Qb7  1/2-1/2

[Event "Tapolca op"]
[Site "Budapest"]
[Date "1999.01.13"]
[Round "6"]
[White "Chernyshov, Konstantin"]
[Black "Szalanczy, Emil"]
[Result "1-0"]
[WhiteElo "2485"]
[BlackElo "2370"]

1.e4 c5 2.Nf3 d6 3.Bb5+ Nd7 4.a4 Nf6 5.Nc3 a6 6.Bxd7+ Bxd7 7.a5 e6 8.O-O Be7
9.d3 O-O 10.Bg5 Bc6 11.Qe1 h6 12.Bh4 Nd7 13.Bxe7 Qxe7 14.Nd2 Rae8 15.Qe3 d5
16.exd5 exd5 17.Qxe7 Rxe7 18.Rfe1 Rfe8 19.Kf1 Kf8 20.Rxe7 Rxe7 21.b4 d4 22.Nce4 cxb4
23.Rb1 Re5 24.Nc4 Rh5 25.Ng3 Rxh2 26.f3 Nf6 27.Kg1 Rh4 28.Rxb4 Nd5 29.Rb2 Ne3
30.Nd6 g5 31.Nxb7 g4 32.Nd6 Bd7 33.f4 Ke7 34.Rb6 h5 35.Rxa6 Be6 36.Rb6 Bd5
37.Ndf5+  1-0

[Event "ISR-chT"]
[Site "Israel"]
[Date "1999.01.15"]
[Round "2"]
[White "Oratovsky, Michael"]
[Black "Berkovich, Mark A"]
[Result "1-0"]
[WhiteElo "2465"]
[BlackElo "2400"]

1.e4 c5 2.Nf3 d6 3.Bb5+ Bd7 4.Bxd7+ Qxd7 5.c4 Nc6 6.Nc3 Nf6 7.O-O e6 8.d4 cxd4
9.Nxd4 Be7 10.b3 O-O 11.Bb2 a6 12.Nxc6 Qxc6 13.Qe2 b6 14.Kh1 b5 15.cxb5 axb5
16.Rfc1 Qb7 17.e5 dxe5 18.Nxb5 Qe4 19.Re1 Qxe2 20.Rxe2 e4 21.a4 Nd7 22.Rxe4 Nc5
23.Re3 Rfd8 24.Ba3 Rd2 25.Rc3 Rad8 26.g3 R8d5 27.Rac1 Ne4 28.Bxe7 Nxf2+ 29.Kg2 Ne4+
30.Kg1 Rd1+ 31.Rxd1 Rxd1+ 32.Kg2 Rd2+ 33.Kf1 f5 34.Rc7 Rxh2 35.Nd6 Nd2+ 36.Ke1 h6
37.b4 Nf3+ 38.Kd1 Ra2 39.a5 Ne5  1-0

[Event "Linares Anibal op"]
[Site "Linares"]
[Date "1999.01.15"]
[Round "8"]
[White "Pedzich, Dominik"]
[Black "Rashkovsky, Nukhim N"]
[Result "0-1"]
[WhiteElo "2435"]
[BlackElo "2535"]

1.e4 c5 2.Nf3 d6 3.Bb5+ Bd7 4.Bxd7+ Qxd7 5.O-O Nf6 6.Qe2 Nc6 7.b3 g6 8.Bb2 Bg7
9.c4 O-O 10.d4 Nh5 11.Qe3 Qg4 12.h3 Qf4 13.Nbd2 cxd4 14.Bxd4 Nxd4 15.Nxd4 Qxe3
16.fxe3 Nf6 17.Kf2 a6 18.Ke2 Rfc8 19.Rac1 Rc7 20.Rc2 Rac8 21.a4 e6 22.Rb1 Nd7
23.N4f3 Kf8 24.Ne1 Ke7 25.Nd3 h5 26.Rcc1 Nc5 27.Nxc5 Rxc5 28.Rd1 Rg5 29.Rg1 Rgc5
30.Rgd1 Rg5 31.Rg1 b5 32.axb5 axb5 33.Rbc1 b4 34.Rc2 Ra5 35.Nf3 Rca8 36.Rd1 Ra2
37.Rxa2 Rxa2+ 38.Rd2 Ra3 39.Rd3 Ra2+ 40.Rd2 Ra3 41.Rd3 Bc3 42.Nd4 Ra2+ 43.Kf3 Be1
44.Ne2 Rb2 45.Rd1 Bc3 46.Nc1 Rb1 47.Ke2 h4 48.Rf1 Rb2+ 49.Kf3 Bd2 50.Nd3 Rxb3
51.Ke2 Bc3 52.Rf4 Ra3 53.Rf1 Ra2+  0-1

[Event "Hamburg IM"]
[Site "Hamburg"]
[Date "1999.01.18"]
[Round "9"]
[White "Velicka, Petr"]
[Black "Gustafsson, Jan"]
[Result "1/2-1/2"]
[WhiteElo "2465"]
[BlackElo "2410"]

1.e4 c5 2.Nf3 d6 3.Bb5+ Nd7 4.d4 Nf6 5.O-O Nxe4 6.Qe2 Nf6 7.dxc5 dxc5 8.Rd1 a6
9.Bc4 e6 10.Ng5 Qe7 11.Bf4 Nd5 12.Bxd5 exd5 13.Re1 Nf6 14.Qxe7+ Bxe7 15.Bd6 Kd7
16.Nxf7 Re8  1/2-1/2

[Event "Ubeda op"]
[Site "Ubeda"]
[Date "1999.01.20"]
[Round "1"]
[White "Ricardi, Pablo"]
[Black "Zair, Abdelkarim"]
[Result "1-0"]
[WhiteElo "2545"]
[BlackElo "2265"]

1.e4 c5 2.Nf3 d6 3.Bb5+ Nd7 4.O-O Nf6 5.Re1 e6 6.c3 a6 7.Bf1 Ne5 8.d4 Nxf3+
9.Qxf3 e5 10.dxe5 dxe5 11.Nd2 Bd6 12.Nc4 Be6 13.Bh6 O-O 14.Nxd6 Qxd6 15.Rad1 Qc7
16.Qg3 Ne8 17.b3 Rd8 18.f3 f6 19.Be3 Rxd1 20.Rxd1 a5 21.Qf2 b6 22.Qd2 Qb8
23.Ba6 Nc7 24.Qd6 Re8 25.Be2 Bf7 26.Qc6 Rd8 27.Rxd8+ Qxd8 28.Qxb6  1-0

[Event "Hoogovens-B"]
[Site "Wijk aan Zee"]
[Date "1999.01.20"]
[Round "2"]
[White "Glek, Igor V"]
[Black "Bosch, Jeroen"]
[Result "1-0"]
[WhiteElo "2566"]
[BlackElo "2470"]

1.e4 c5 2.Nf3 d6 3.Bb5+ Nc6 4.O-O Bd7 5.Re1 Nf6 6.c3 a6 7.Bf1 Bg4 8.h3 Bxf3
9.Qxf3 g6 10.Qd1 Bh6 11.Na3 O-O 12.Nc2 e5 13.d4 Bxc1 14.Rxc1 Qe7 15.dxc5 dxc5
16.Ne3 Rad8 17.Qf3 b5 18.a4 c4 19.axb5 axb5 20.Ra1 Kg7 21.Nd5 Nxd5 22.exd5 Nb8
23.Ra5 Qb7 24.Rea1 Rd6 25.b3 cxb3 26.Rxb5 Rb6 27.c4 Rxb5 28.cxb5 b2 29.Rb1 Nd7
30.Rxb2 Nb6 31.Rd2 Rd8 32.Qe3 Rxd5 33.Rxd5 Nxd5 34.Qxe5+ f6 35.Qe4 Qd7 36.Qd4 Qb7
37.g4 Nb6 38.g5 Nd7 39.h4 Kf7 40.Bc4+ Kg7 41.Qd6  1-0

[Event "Saintly Cup"]
[Site "Sydney"]
[Date "1999.01.23"]
[Round "2"]
[White "Oral, Tomas"]
[Black "Mas, Hafizulhelmi"]
[Result "1-0"]
[WhiteElo "2521"]
[BlackElo "2401"]

1.e4 c5 2.Nf3 d6 3.Bb5+ Bd7 4.Bxd7+ Nxd7 5.c4 Ne5 6.O-O e6 7.Nc3 Ne7 8.Ne1 g5
9.d3 h6 10.Ne2 N7g6 11.b3 Bg7 12.Rb1 Nc6 13.Nc2 d5 14.exd5 exd5 15.Ne3 Nge7
16.Ng3 Bd4 17.Nef5 Qd7 18.Nxd4 Nxd4 19.Ba3 Qc7 20.cxd5 Nxd5 21.Rc1 b6 22.b4 Qc6
23.bxc5 Nf4 24.Re1+ Nde6 25.Ne4 b5 26.Qf3 Ke7 27.Bb2 Rhc8 28.g3 g4 29.Qxg4 Rg8
30.Qh4+ Kd7 31.Kf1 f5 32.Nf6+ Kc8 33.gxf4 Qg2+ 34.Ke2 Rg4 35.Nxg4 fxg4 36.Kd2  1-0

[Event "Saintly Cup"]
[Site "Sydney"]
[Date "1999.01.23"]
[Round "2"]
[White "Solomon, Stephen J"]
[Black "Roeder, Mathias"]
[Result "0-1"]
[WhiteElo "2435"]
[BlackElo "2447"]

1.e4 c5 2.Nf3 d6 3.Bb5+ Bd7 4.Bxd7+ Qxd7 5.c4 Nf6 6.Nc3 Nc6 7.O-O Ne5 8.d3 Nxf3+
9.Qxf3 g6 10.h3 Bg7 11.Be3 Qc6 12.Rfd1 O-O 13.Rac1 Rfc8 14.b3 a6 15.d4 Nd7
16.Qe2 cxd4 17.Bxd4 Bxd4 18.Rxd4 Re8 19.Qd2 Kg7 20.Nd5 Rac8 21.Kh2 Nc5 22.Re1 b5
23.cxb5 axb5 24.Nb4 Qb6 25.f4 Red8 26.Rd1 Qb7 27.Qb2 Kg8 28.Qe2 Ne6 29.Rd5 Nxf4
30.Qxb5 Qa8 31.R5d4 e5 32.Qf1 Qa3 33.Rc4 Rxc4 34.Qxc4 Rb8 35.Nd5 Qxa2 36.Nxf4 exf4
37.Rxd6 f3 38.Qf1 Rxb3 39.Rd1 Qxg2+ 40.Qxg2 fxg2 41.Kxg2 Re3 42.Rd4 Kg7 43.h4 Kf6
44.h5 g5 45.Rd6+ Ke7 46.Rd4 f6 47.Ra4 Ke6 48.Ra7 Rxe4 49.Rxh7 Kf5 50.Rh8 Kg4
51.h6 Re2+ 52.Kf1 Rh2 53.Kg1 Rh5 54.Kg2 f5 55.h7 f4 56.Kf2 Rh6 57.Kg1 f3
58.Kf2 Rh2+ 59.Kg1 Kg3 60.Rf8 Rxh7 61.Rf5 g4  0-1